000 00611nam a2200241Ia 4500
003 OSt
005 20221005093220.0
006 a|||||r|||| 00| 0
007 ta
008 221004b |||||||| |||| 00| 0 eng d
024 _a103331
037 _cTextual
040 _aCRL
_cCRL
_beng
041 _2eng
_aeng
082 _aC4:7, M0
100 _aRifkin Jerrmy
_9618229
245 0 _aEntropy
_b a new world view
260 _aNew York
_bViking Press
_c1980
500 _aDSK Collection
650 _aPHYSICS
942 _hC4:7, M0
_cTEXL
_2cc
999 _c1000012
_d1000012